| 000 | 00903cam a2200265 i 4500 | ||
|---|---|---|---|
| 001 | 1726 | ||
| 003 | BD-RjUL | ||
| 005 | 20211208233410.0 | ||
| 008 | 160620s1977 cou b 00110 eng | ||
| 020 | _a089158546X : | ||
| 035 | _a(BD-RjUL)1753 | ||
| 040 |
_aDLC _cDLC _dm.c. _dBOS _dBD-RjUL _beng |
||
| 041 | _aeng | ||
| 082 |
_216 _a330.95492 _bFAB 1977 |
||
| 090 |
_aHC440.8 _b.F3 |
||
| 100 | 1 | 0 |
_aFaaland, Just. _95715 |
| 245 | 1 | 0 |
_aBangladesh : _bthe test case of development / _cJust Faaland and J. R. Parkinson. |
| 260 |
_aBoulder, Colo. : _bWestview Press , _c1976-1977 |
||
| 300 |
_axi, 203 p. ; _c23 cm. |
||
| 504 | _aIncludes index. | ||
| 651 | 0 |
_aBangladesh _xEconomic conditions. _95716 |
|
| 700 | 1 | 0 |
_aParkinson, J. R. _q(John Richard) _ejoint author. _95717 |
| 856 | _uhttp://www.worldcat.org/title/bangladesh-the-test-case-of-development/oclc/2005917&referer=brief_results | ||
| 942 |
_2ddc _cBK |
||
| 999 |
_c1726 _d1726 |
||